Maffy anime top 50 - Statistiques

Statistiques générales
  • Ce quiz a été pris 24 fois
  • Le résultat moyen est 5 sur 49
Statistiques - réponses
Réponse % Correct
Naruto
100%
Demon Slayer
43%
Jujutsu Kaisen
33%
Hunter x hunter
29%
Black clover
24%
Blue lock
19%
Fire Force
19%
Oshi no ko
19%
Sword art Online
19%
classroom of the elite
14%
Erased
14%
Frieren
14%
Haikyū!!
14%
Solo Leveling
14%
The eminence in shadow
14%
Vinland Saga
14%
Akame ga Kill!
10%
Fairy tail
10%
Hell's Paradise
10%
Les Carnets de l'apothicaire
10%
Mushoku Tensei
10%
Tokyo Ghoul
10%
Tokyo revengers
10%
Tomodachi Game
10%
Ao ashi
5%
Cyberpunk: Edgerunners
5%
Dr. Stone
5%
Fullmetal Alchemist: Brotherhood
5%
Link click
5%
Lycoris Recoil
5%
Mob psycho 100
5%
My Happy Mariage
5%
Nisekoi
5%
Noragami
5%
The Quintessential Quintuplets
5%
Call of the night
0%
Golden Kamuy
0%
Goodnight World
0%
Higehiro
0%
Hight school of the Dead
0%
Kaiju no 8
0%
No Longer Rangers
0%
Oresuki: Are You The Only One Who Loves Me?
0%
Shingeki no kyojin
0%
Tengoku Daimakyo
0%
The dangers in my heart
0%
The girl downstairs
0%
Undead murder Farce
0%
Yamada-kun and the Seven Witches
0%
Aucun quiz correspondant
Distribution des résultats
% des personnes avec chaque résultat
Percentile par nombre de réponses
Votre historique - résultats
Vous n’avez pas pris ce quiz